| 000 | 01019nas a2200301 4500 | ||
|---|---|---|---|
| 001 | BR2021000629 | ||
| 003 | BR-BrBNA | ||
| 005 | 20231205132233.0 | ||
| 007 | ta | ||
| 008 | 230509b bl.|||p| |||| 00| 00por d | ||
| 040 |
_aBR-BrBNA _bpor _cBiblioteca Nacional de Agricultura |
||
| 041 | _a(Pt) | ||
| 072 | _aF06; F04 | ||
| 100 | 1 | _aSousa Filho, P.H. de | |
| 100 | 1 | _aDonato, F. | |
| 100 | 1 | _aOliveira, M.E.F. de | |
| 100 | 1 | _aSantana, M.J. de | |
| 100 | 1 | _aPereira, D.P. | |
| 245 | 1 | _aFator de disponibilidade de água no solo e adubação nitrogenada para a cultura da beterraba | |
| 650 | _aIRRIGAÇÃO | ||
| 650 | _aDEFICIÊNCIA HÍDRICA | ||
| 650 | _aÁGUA DE IRRIGAÇÃO | ||
| 650 | _aBETERRABA | ||
| 773 | 0 |
_tNativa. Pesquisas Agrárias e Ambientais (Brazil) _xISSN 2318-7670 _g(Mar-Apr 2021), v. 9(2) p. 222-228 _wBR2021000629 |
|
| 856 | 4 | 0 | _uhttps://periodicoscientificos.ufmt.br/ojs/index.php/nativa/article/view/11693/8271 |
| 909 |
_a202311 _bLúcia _c55 _dLúcia Elande |
||
| 942 |
_2AGRIS _n0 _cANA |
||
| 999 |
_c259219 _d259219 |
||